[Event "1st Serbian League 2022"]
[Site "Vrnjacka Banja"]
[Date "2022.09.30"]
[Round "11.14"]
[White "Gurel, Ediz"]
[Black "Bogosavljevic, Boban"]
[Result "1-0"]
[WhiteElo "2437"]
[BlackElo "2533"]
[Annotator "TA"]
[PlyCount "129"]
[EventDate "2022.09.20"]
[EventType "team-tourn"]
[EventCountry "SRB"]
[SourceTitle "playchess.com"]
[Source "ChessBase"]
[SourceQuality "1"]

1. e4 c5 2. Nf3 Nc6 3. d4 cxd4 4. Nxd4 Nf6 5. Nc3 e5 6. Ndb5 d6 7. Bg5 a6 8. Na3 b5 9. Nd5 Be7 10. Bxf6 Bxf6 11. c3 Bg5 12. Nc2 Rb8 13. Be2 O-O 14. O-O Be6 15. Nce3 Ne7 16. Qd3 Bxe3 17. Nxe7+ Qxe7 18. Qxe3 Rfd8 19. Rfd1 Qc7 20. Rd2 a5 21. h3 b4 22. c4 Qc5 23. Qg3 a4 24. b3 f6 25. Rad1 axb3 26. axb3 Ra8 27. h4 Ra3 28. Bg4 Bf7 29. h5 h6 30. Qh3 Kf8 31. Bf5 Ke7 32. Kh2 Ra6 33. Qg4 Kf8 34. Bg6 Bg8 35. Kg1 Qc7 36. Rd3 Rda8 37. Kh2 Rd8 38. Bf5 Ra5 39. Rg3 Qe7 40. Rd2 Ra6 41. Rgd3 Qa7 42. Rg3 Qe7 43. Qd1 Qa7 44. Rc2 Qe7 45. Qd2 Bf7 46. Bg6 Bxg6 47. hxg6 Qb7 48. Qe2 Ra5 49. Rd3 Ke7 50. Rcd2 Qc6 51. Rd5 Rc5 52. Qe3 Rd7 53. Ra2 Rc7 54. Qd3 Rxd5 55. exd5 Qd7 56. Ra8 Rc8 57. Ra4 f5 58. f4 exf4 59. Qd4 Kf8 60. Ra7 Rc7 61. Ra6 f3 62. Qf4 fxg2 63. Rxd6 Qe7 64. Re6 Qg5 65. Qd6+ 1-0

[Event "1st Serbian League 2022"]
[Site "Vrnjacka Banja"]
[Date "2022.09.30"]
[Round "11.15"]
[White "Vuckovic, Bojan"]
[Black "Markus, Robert"]
[Result "1/2-1/2"]
[WhiteElo "2559"]
[BlackElo "2615"]
[Annotator "TA"]
[PlyCount "34"]
[EventDate "2022.09.20"]
[EventType "team-tourn"]
[EventCountry "SRB"]
[SourceTitle "playchess.com"]
[Source "ChessBase"]
[SourceQuality "1"]

1. e4 e5 2. Nf3 Nf6 3. Nxe5 d6 4. Nf3 Nxe4 5. d4 Be7 6. Bd3 Nf6 7. O-O O-O 8. h3 Re8 9. c4 Nbd7 10. Nc3 Nf8 11. Re1 Ng6 12. Bg5 c6 13. d5 Bd7 14. Qd2 h6 15. Bxf6 Bxf6 16. Bxg6 fxg6 17. dxc6 Bxc6 1/2-1/2

[Event "1st Serbian League 2022"]
[Site "Vrnjacka Banja"]
[Date "2022.09.30"]
[Round "11.16"]
[White "Solak, Dragan"]
[Black "Roganovic, Milos"]
[Result "1/2-1/2"]
[WhiteElo "2592"]
[BlackElo "2487"]
[Annotator "TA"]
[PlyCount "85"]
[EventDate "2022.09.20"]
[EventType "team-tourn"]
[EventCountry "SRB"]
[SourceTitle "playchess.com"]
[Source "ChessBase"]
[SourceQuality "1"]

1. e4 c5 2. Nf3 Nc6 3. d4 cxd4 4. Nxd4 Nf6 5. Nc3 e5 6. Ndb5 d6 7. Bg5 a6 8. Na3 b5 9. Nd5 Be7 10. Bxf6 Bxf6 11. c3 Bg5 12. Nc2 Rb8 13. a4 bxa4 14. Ncb4 Nxb4 15. cxb4 O-O 16. h4 Bh6 17. Rxa4 a5 18. b5 Bd7 19. Nc3 Kh8 20. Be2 Be6 21. Bg4 Rc8 22. g3 Bxg4 23. Qxg4 d5 24. exd5 f5 25. Qe2 f4 26. O-O Qd7 27. g4 f3 28. Qxe5 Rce8 29. Qg3 g5 30. hxg5 Bxg5 31. Rd1 Re7 32. Re4 Rxe4 33. Nxe4 Rf4 34. Nxg5 Rxg4 35. Nxf3 Rxg3+ 36. fxg3 Qxb5 37. Rd2 Qb6+ 38. Kg2 Qd6 39. Ng5 Qb4 40. Nf3 Qd6 41. Ng5 Qb4 42. Rf2 Qb5 43. Rd2 1/2-1/2

[Event "1st Serbian League 2022"]
[Site "Vrnjacka Banja"]
[Date "2022.09.30"]
[Round "11.17"]
[White "Zajic, Milan"]
[Black "Omorjan, Dejan"]
[Result "1-0"]
[WhiteElo "2402"]
[BlackElo "2265"]
[Annotator "TA"]
[PlyCount "95"]
[EventDate "2022.09.20"]
[EventType "team-tourn"]
[EventCountry "SRB"]
[SourceTitle "playchess.com"]
[Source "ChessBase"]
[SourceQuality "1"]

1. e4 c6 2. d4 d5 3. e5 Bf5 4. h4 h5 5. Bd3 Bxd3 6. Qxd3 Qa5+ 7. Nd2 e6 8. Ngf3 Nh6 9. O-O Nf5 10. Nb3 Qb5 11. Qd1 Nd7 12. a4 Qc4 13. Bg5 a5 14. Re1 Bb4 15. c3 Be7 16. Nbd2 Qd3 17. Bxe7 Nxe7 18. Ra3 Qa6 19. Nf1 b5 20. Ng5 Nb6 21. Ng3 g6 22. b3 Nd7 23. Qf3 Nf5 24. axb5 Qxb5 25. Rea1 Ke7 26. Nxf5+ gxf5 27. Qe3 Rhg8 28. Qf3 Rh8 29. Qe3 Rhg8 30. Qd2 Nb6 31. Qd1 Rh8 32. R1a2 c5 33. Qa1 a4 34. bxa4 Qc6 35. a5 Nc4 36. Rb3 Ra7 37. Qb1 Rc8 38. a6 cxd4 39. cxd4 f6 40. Rb7+ Rc7 41. Qb4+ Kd7 42. Rxc7+ Qxc7 43. exf6 Nd6 44. Qa4+ Qc6 45. Qxc6+ Kxc6 46. f7 Ra8 47. a7 Kb6 48. Rb2+ 1-0

[Event "1st Serbian League 2022"]
[Site "Vrnjacka Banja"]
[Date "2022.09.30"]
[Round "11.18"]
[White "Leskur, Dejan"]
[Black "Stankovic, Milos"]
[Result "1/2-1/2"]
[WhiteElo "2254"]
[BlackElo "2439"]
[Annotator "TA"]
[PlyCount "38"]
[EventDate "2022.09.20"]
[EventType "team-tourn"]
[EventCountry "SRB"]
[SourceTitle "playchess.com"]
[Source "ChessBase"]
[SourceQuality "1"]

1. e4 c5 2. Nf3 d6 3. Bc4 Nf6 4. d3 Nc6 5. h3 g6 6. Bb3 Bg7 7. c3 O-O 8. O-O b5 9. Re1 Bb7 10. Nbd2 Rc8 11. Nf1 Ne5 12. Ng3 Nxd3 13. Qxd3 c4 14. Qe2 cxb3 15. Qxb5 Rb8 16. Qa4 Nd7 17. axb3 Nc5 18. Qa2 a6 19. b4 Nd7 1/2-1/2

[Event "1st Serbian League 2022"]
[Site "Vrnjacka Banja"]
[Date "2022.09.30"]
[Round "11.19"]
[White "Ioannidis, Evgenios"]
[Black "Sarana, Alexey"]
[Result "0-1"]
[WhiteElo "2486"]
[BlackElo "2662"]
[Annotator "TA"]
[PlyCount "66"]
[EventDate "2022.09.20"]
[EventType "team-tourn"]
[EventCountry "SRB"]
[SourceTitle "playchess.com"]
[Source "ChessBase"]
[SourceQuality "1"]

1. d4 Nf6 2. c4 e6 3. Nf3 d5 4. Nc3 Nbd7 5. cxd5 exd5 6. Bf4 c6 7. Qc2 Nh5 8. Bd2 Nb6 9. h3 g6 10. g4 Nf6 11. e3 Bg7 12. Bd3 Nc4 13. Bxc4 dxc4 14. Ne5 h5 15. g5 Nd5 16. Nxd5 cxd5 17. Bb4 a5 18. Ba3 b5 19. Nxg6 Qxg5 20. Nxh8 Bf5 21. Qe2 b4 22. Qf3 Be6 23. Ke2 Qf6 24. Qg3 bxa3 25. Rag1 Bf8 26. bxa3 Qxh8 27. Qc7 Rc8 28. Qxa5 Qh7 29. Rd1 Rb8 30. Rd2 Qg6 31. Qa4+ Bd7 32. Qc2 Qxc2 33. Rxc2 Bf5 0-1

[Event "1st Serbian League 2022"]
[Site "Vrnjacka Banja"]
[Date "2022.09.30"]
[Round "11.20"]
[White "Ivic, Velimir"]
[Black "Damljanovic, Branko"]
[Result "1-0"]
[WhiteElo "2553"]
[BlackElo "2436"]
[Annotator "TA"]
[PlyCount "30"]
[EventDate "2022.09.20"]
[EventType "team-tourn"]
[EventCountry "SRB"]
[SourceTitle "playchess.com"]
[Source "ChessBase"]
[SourceQuality "1"]

1. e4 c5 2. Nf3 Nc6 3. Bb5 e6 4. O-O Nge7 5. Re1 a6 6. Bf1 g6 7. c3 Bg7 8. d4 cxd4 9. cxd4 d5 10. e5 O-O 11. Nc3 h6 12. Bd3 Nf5 13. Bc2 b5 14. a3 Ra7 15. Bxf5 exf5 1-0

[Event "1st Serbian League 2022"]
[Site "Vrnjacka Banja"]
[Date "2022.09.30"]
[Round "11.22"]
[White "Djukic, Nikola"]
[Black "Nikolovski, Nikola"]
[Result "1/2-1/2"]
[WhiteElo "2536"]
[BlackElo "2359"]
[Annotator "TA"]
[PlyCount "43"]
[EventDate "2022.09.20"]
[EventType "team-tourn"]
[EventCountry "SRB"]
[SourceTitle "playchess.com"]
[Source "ChessBase"]
[SourceQuality "1"]

1. e4 e6 2. d4 d5 3. Nc3 Bb4 4. e5 c5 5. a3 Bxc3+ 6. bxc3 Ne7 7. Qg4 Qc7 8. Bd3 c4 9. Be2 Qa5 10. Bd2 Nf5 11. h4 Qa4 12. h5 h6 13. Nf3 Nc6 14. Nh4 Nce7 15. Nxf5 Nxf5 16. Ra2 Bd7 17. Qf3 Qb5 18. O-O Qa5 19. Bc1 Ba4 20. Rb2 Qc7 21. Bd2 Rc8 22. Qh3 1/2-1/2

[Event "1st Serbian League 2022"]
[Site "Vrnjacka Banja"]
[Date "2022.09.30"]
[Round "11.23"]
[White "Milenkovic, Mladen"]
[Black "Strikovic, Aleksa"]
[Result "1/2-1/2"]
[WhiteElo "2379"]
[BlackElo "2491"]
[Annotator "TA"]
[PlyCount "34"]
[EventDate "2022.09.20"]
[EventType "team-tourn"]
[EventCountry "SRB"]
[SourceTitle "playchess.com"]
[Source "ChessBase"]
[SourceQuality "1"]

1. e4 c5 2. Nf3 e6 3. d4 cxd4 4. Nxd4 Nc6 5. Nc3 Qc7 6. Be3 a6 7. Qd2 Nf6 8. f3 Bb4 9. O-O-O O-O 10. g4 Ne5 11. g5 Nh5 12. Kb1 Bxc3 13. Qxc3 Qxc3 14. bxc3 d5 15. Rg1 Ng6 16. Nb3 Re8 17. Nc5 b5 1/2-1/2

[Event "1st Serbian League 2022"]
[Site "Vrnjacka Banja"]
[Date "2022.09.30"]
[Round "11.27"]
[White "Sarenac, Ivan"]
[Black "Pezelj, Novak"]
[Result "1/2-1/2"]
[WhiteElo "2402"]
[BlackElo "2496"]
[Annotator "TA"]
[PlyCount "34"]
[EventDate "2022.09.20"]
[EventType "team-tourn"]
[EventCountry "SRB"]
[SourceTitle "playchess.com"]
[Source "ChessBase"]
[SourceQuality "1"]

1. d4 Nf6 2. c4 e6 3. Nc3 Bb4 4. e3 c5 5. Nge2 O-O 6. a3 Bxc3+ 7. Nxc3 b6 8. Be2 Bb7 9. O-O d6 10. b3 Nbd7 11. Bb2 Ne4 12. Nxe4 Bxe4 13. Bf3 f5 14. Bxe4 fxe4 15. Qg4 Qe7 16. Qxe4 Nf6 17. Qh4 Qb7 1/2-1/2

[Event "1st Serbian League 2022"]
[Site "Vrnjacka Banja"]
[Date "2022.09.30"]
[Round "11.29"]
[White "Radusinovic, Lazar"]
[Black "Ratkovic, Miloje"]
[Result "1/2-1/2"]
[WhiteElo "2308"]
[BlackElo "2498"]
[Annotator "TA"]
[PlyCount "33"]
[EventDate "2022.09.20"]
[EventType "team-tourn"]
[EventCountry "SRB"]
[SourceTitle "playchess.com"]
[Source "ChessBase"]
[SourceQuality "1"]

1. d4 d5 2. Nf3 Nf6 3. g3 c6 4. Bg2 g6 5. O-O Bg7 6. c4 O-O 7. Nc3 e6 8. Bf4 Nbd7 9. a4 Re8 10. a5 Nh5 11. Bg5 Qc7 12. Qb3 e5 13. dxe5 dxc4 14. Qxc4 Nxe5 15. Nxe5 Qxe5 16. Be3 Rd8 17. a6 1/2-1/2

[Event "1st Serbian League 2022"]
[Site "Vrnjacka Banja"]
[Date "2022.09.30"]
[Round "11.30"]
[White "Bodiroga, Predrag"]
[Black "Todorovic, Goran N"]
[Result "1/2-1/2"]
[WhiteElo "2311"]
[BlackElo "2305"]
[Annotator "TA"]
[PlyCount "41"]
[EventDate "2022.09.20"]
[EventType "team-tourn"]
[EventCountry "SRB"]
[SourceTitle "playchess.com"]
[Source "ChessBase"]
[SourceQuality "1"]

1. d4 d5 2. c4 e6 3. Nc3 Nf6 4. Nf3 Be7 5. Bg5 O-O 6. e3 Nbd7 7. Rc1 c6 8. Bd3 a6 9. a4 dxc4 10. Bxc4 b5 11. Bd3 Bb7 12. O-O b4 13. Bxf6 gxf6 14. Ne4 f5 15. Nc5 Nxc5 16. dxc5 Bf6 17. Qb3 a5 18. Rfe1 Qe7 19. e4 fxe4 20. Rxe4 Rfd8 21. Qc2 1/2-1/2

[Event "1st Serbian League 2022"]
[Site "Vrnjacka Banja"]
[Date "2022.09.30"]
[Round "11.31"]
[White "Sedlak, Nikola"]
[Black "Yilmazyerli, Mert"]
[Result "1/2-1/2"]
[WhiteElo "2466"]
[BlackElo "2533"]
[Annotator "TA"]
[PlyCount "37"]
[EventDate "2022.09.20"]
[EventType "team-tourn"]
[EventCountry "SRB"]
[SourceTitle "playchess.com"]
[Source "ChessBase"]
[SourceQuality "1"]

1. e4 e6 2. d4 d5 3. Nd2 dxe4 4. Nxe4 Nd7 5. Nf3 Ngf6 6. Nxf6+ Nxf6 7. c3 Be7 8. Bd3 O-O 9. O-O b6 10. Bg5 Bb7 11. Qe2 h6 12. Bh4 c5 13. dxc5 bxc5 14. Rad1 Qc7 15. Bg3 Qc6 16. Bb5 Qb6 17. Ne5 Rad8 18. a4 a6 19. Bd3 1/2-1/2

[Event "1st Serbian League 2022"]
[Site "Vrnjacka Banja"]
[Date "2022.09.30"]
[Round "11.33"]
[White "Boskovic, Drasko"]
[Black "Arsovic, Goran"]
[Result "1/2-1/2"]
[WhiteElo "2415"]
[BlackElo "2362"]
[Annotator "TA"]
[PlyCount "51"]
[EventDate "2022.09.20"]
[EventType "team-tourn"]
[EventCountry "SRB"]
[SourceTitle "playchess.com"]
[Source "ChessBase"]
[SourceQuality "1"]

1. e4 e6 2. d3 c5 3. Nf3 Nc6 4. g3 g6 5. Bg2 Bg7 6. O-O Nge7 7. c3 O-O 8. Nbd2 d6 9. Re1 e5 10. a4 h6 11. Nc4 Be6 12. Bd2 Qd7 13. b4 Bh3 14. Bxh3 Qxh3 15. b5 Nd8 16. Nxd6 Qd7 17. Nc4 Qxd3 18. Nfxe5 Bxe5 19. Nxe5 Qd6 20. Bf4 Qxd1 21. Raxd1 g5 22. Be3 Ne6 23. Rd7 Rfe8 24. Rxb7 a6 25. Nd7 Kg7 26. Nxc5 1/2-1/2

[Event "1st Serbian League 2022"]
[Site "Vrnjacka Banja"]
[Date "2022.09.30"]
[Round "11.34"]
[White "Ristic, Nenad"]
[Black "Zegarac, Vuk"]
[Result "1/2-1/2"]
[WhiteElo "2267"]
[BlackElo "2336"]
[Annotator "TA"]
[PlyCount "20"]
[EventDate "2022.09.20"]
[EventType "team-tourn"]
[EventCountry "SRB"]
[SourceTitle "playchess.com"]
[Source "ChessBase"]
[SourceQuality "1"]

1. d4 d5 2. c4 e6 3. Nc3 a6 4. cxd5 exd5 5. Nf3 h6 6. Bf4 Nf6 7. e3 Bd6 8. Bg3 O-O 9. Be2 Bg4 10. O-O Nbd7 1/2-1/2

[Event "1st Serbian League 2022"]
[Site "Vrnjacka Banja"]
[Date "2022.09.30"]
[Round "11.35"]
[White "Munizaba, Slobodan"]
[Black "Rajkovic, Mladen"]
[Result "1/2-1/2"]
[WhiteElo "2416"]
[BlackElo "2335"]
[Annotator "TA"]
[PlyCount "33"]
[EventDate "2022.09.20"]
[EventType "team-tourn"]
[EventCountry "SRB"]
[SourceTitle "playchess.com"]
[Source "ChessBase"]
[SourceQuality "1"]

1. e4 e5 2. Nf3 Nc6 3. Bb5 a6 4. Ba4 Nf6 5. O-O b5 6. Bb3 Be7 7. d3 d6 8. a3 O-O 9. Nc3 h6 10. Be3 Re8 11. h3 Bf8 12. a4 b4 13. Nd5 Na5 14. Ba2 Nxd5 15. exd5 c6 16. d4 cxd5 17. Bxd5 1/2-1/2

[Event "1st Serbian League 2022"]
[Site "Vrnjacka Banja"]
[Date "2022.09.30"]
[Round "11.36"]
[White "Mijailovic, Zoran"]
[Black "Krstic, Petar"]
[Result "1/2-1/2"]
[WhiteElo "2345"]
[BlackElo "2290"]
[Annotator "TA"]
[PlyCount "32"]
[EventDate "2022.09.20"]
[EventType "team-tourn"]
[EventCountry "SRB"]
[SourceTitle "playchess.com"]
[Source "ChessBase"]
[SourceQuality "1"]

1. e4 d6 2. d4 Nf6 3. Nc3 Nbd7 4. Nf3 e5 5. Bc4 Be7 6. O-O O-O 7. Re1 c6 8. a4 h6 9. Bf1 Re8 10. h3 b6 11. Be3 a6 12. Nh4 Bf8 13. dxe5 Nxe5 14. f4 Ned7 15. Bf2 Nc5 16. Qf3 d5 1/2-1/2